{"text_format":"3","workbook":"xlsx","n_sheets":7,"sheets":["扉-2 预算价扉页","6.1单位工程费汇总表","表-08 分部分项工程和单价措施项目清单与计价表(含分部小计)","1.1.1综合单价计算表","表-11 总价措施项目清单与计价表","其它项目清单计价表","5.1-1单位工程人材机汇总表"],"read":"whole","date_system":"1900"}

{"sheet":"扉-2 预算价扉页","index":0,"n_rows":13,"n_cols":7,"rows_kept":13,"merged":[[0,1,0,5],[1,0,1,6],[2,0,2,1],[2,3,2,6],[3,0,3,1],[3,3,3,6],[4,0,4,1],[4,5,4,6],[5,0,5,1],[5,2,5,3],[5,5,5,6],[6,0,6,1],[6,2,6,3],[6,5,6,6],[7,0,7,1],[7,2,7,3],[7,5,7,6],[8,0,8,1],[8,2,8,3],[8,5,8,6],[9,0,9,1],[9,2,9,3],[9,5,9,6],[10,0,10,1],[10,2,10,3],[10,5,10,6],[11,0,11,1],[11,2,11,3],[11,5,11,6],[12,1,12,5]]}
[null,"汕头职业技术学院新津校区体育场跑道改造项目",{"$nulls":4},"工程"]
["预 算 价"]
["预 算 价  ",null,"（小写）：","209,335.66"]
[null,null,"（大写）：","贰拾万玖仟叁佰叁拾伍元陆角陆分"]
[]
["招  标  人：",{"$nulls":3},"造价咨询人："]
[null,null,"（单位盖章）",null,null,"(单位资质专用章)"]
["法定代表人  \n\n或其授权人：",{"$nulls":3},"法定代表人  \n\n  或其授权人："]
[null,null,"(签字或盖章)",null,null,"(签字或盖章)"]
["编  制  人：",{"$nulls":3},"复  核  人："]
[null,null,"(造价人员签字盖专用章)",null,null,"(造价工程师签字盖专用章)"]
["编 制 时 间：  ",{"$nulls":3},"复 核 时 间：  "]
[{"$nulls":6},"扉-2"]

{"sheet":"6.1单位工程费汇总表","index":1,"n_rows":22,"n_cols":8,"rows_kept":22,"merged":[[0,0,0,7],[1,0,1,4],[1,6,1,7],[2,4,2,6],[3,4,3,6],[4,4,4,6],[5,4,5,6],[6,4,6,6],[7,4,7,6],[8,4,8,6],[9,4,9,6],[10,4,10,6],[11,4,11,6],[12,4,12,6],[13,4,13,6],[14,4,14,6],[15,4,15,6],[16,4,16,6],[17,4,17,6],[18,4,18,6],[19,4,19,6],[20,4,20,6],[21,4,21,6],[22,4,22,6],[23,4,23,6],[24,4,24,6],[25,4,25,6],[26,4,26,6],[27,4,27,6],[28,4,28,6],[29,4,29,6],[30,4,30,6],[31,4,31,6],[32,4,32,6],[33,4,33,6],[34,4,34,6],[35,4,35,6]]}
["单位工程费汇总表"]
["工程名称：汕头职业技术学院新津校区体育场跑道改造项目",{"$nulls":5},"第 1 页  共 1 页"]
["序号","名称","取费基数","费率(%)","金额（元）",null,null,"备注"]
["1","分部分项合计","分部分项合计",null,176954.65]
["1.1","跑道",null,null,176954.65]
["2","措施合计","绿色施工安全防护措施费+其他措施费",null,11031.99]
["2.1","绿色施工安全防护措施费","安全及文明施工措施费",null,11031.99]
["2.2","其他措施费","其他措施费"]
["3","其他项目","其他项目合计",null,4064.42]
["3.1","暂列金额","暂列金额"]
["3.2","暂估价","暂估价合计"]
["3.3","计日工","计日工"]
["3.4","总承包服务费","总承包服务费"]
["3.5","预算包干费","预算包干费",null,4064.42]
["3.6","工程优质费","工程优质费"]
["3.7","概算幅度差","概算幅度差"]
["3.8","索赔费用","索赔费用"]
["3.9","现场签证费用","现场签证费用"]
["3.10","其他费用","其他费用"]
["4","税前工程造价","分部分项合计+措施合计+其他项目",null,192051.06]
["5","增值税销项税额","分部分项合计+措施合计+其他项目","9",17284.6]
["6","总造价","分部分项合计+措施合计+其他项目+增值税销项税额",null,209335.66]

{"sheet":"表-08 分部分项工程和单价措施项目清单与计价表(含分部小计)","index":2,"n_rows":26,"n_cols":10,"rows_kept":26,"merged":[[0,0,0,9],[1,0,1,3],[1,4,1,6],[1,7,1,9],[2,0,4,0],[2,1,4,1],[2,2,4,2],[2,3,4,4],[2,5,4,5],[2,6,4,7],[2,8,2,9],[3,8,4,8],[3,9,4,9],[5,3,5,4],[5,6,5,7],[6,3,6,4],[6,6,6,7],[7,3,7,4],[7,6,7,7],[8,3,8,4],[8,6,8,7],[9,3,9,4],[9,6,9,7],[10,3,10,4],[10,6,10,7],[11,3,11,4],[11,6,11,7],[12,3,12,4],[12,6,12,7],[13,3,13,4],[13,6,13,7],[14,3,14,4],[14,6,14,7],[15,3,15,4],[15,6,15,7],[16,3,16,4],[16,6,16,7],[17,3,17,4],[17,6,17,7],[18,3,18,4],[18,6,18,7],[19,3,19,4],[19,6,19,7],[20,3,20,4],[20,6,20,7],[21,3,21,4],[21,6,21,7],[22,3,22,4],[22,6,22,7],[23,0,23,8],[24,0,24,8],[25,0,25,3],[25,4,25,6],[25,7,25,9]]}
["分部分项工程和单价措施项目清单与计价表"]
["工程名称：汕头职业技术学院新津校区体育场跑道改造项目",{"$nulls":6},"第 1 页  共 1 页"]
["序号","项目编码","项目名称","项目特征描述",null,"计量单位","工程量",null,"金额（元）"]
[{"$nulls":8},"综合单价","综合合价"]
[]
[null,null,"跑道"]
[1,"010101001001","清理原有灰渣跑道基层","1.平整场地",null,"m2",1423.52,null,2.49,3544.56]
[2,"010507002001","50厚C25混凝土","1.地坪 厚度8cm \u007f合并制作子目 普通预拌混凝土 碎石粒径综合考虑 C25 \u007f实际厚度(cm):5",null,"m2",1423.52,null,59.7,84984.14]
[3,"040203009001","2-3mm丙烯酸跑道面层","1.丙烯酸跑道底层漆 底漆二遍 \u007f单价*2\n2.丙烯酸跑道面层 面漆一遍  \u007f\n3.画线丙烯酸画线漆 画线漆一遍 \u007f单价*2",null,"m2",1423.52,null,41.49,59061.84]
[4,"010101003001","挖沟槽土方","1.挖掘机挖沟槽、基坑土方 一、二类土",null,"m3",31.464,null,6.39,201.05]
[5,"010103001001","回填方","1.回填土 夯实机夯实 槽、坑",null,"m3",20.52,null,19.17,393.37]
[6,"010103002001","余方弃置","1.挖掘机装土方\n2.自卸汽车运土方 运距1km内 \u007f实际运距(km):10",null,"m3",10.944,null,35.77,391.47]
[7,"040204004001","130×80混凝土路缘石","1.人工铺设侧缘石垫层 混凝土垫层 \u007f合并制作子目 普通预拌混凝土 碎石粒径综合考虑 C15\n2.缘石铺设 混凝土 长度 50cm \u007f合并制作子目 砌筑用水泥砂浆(配合比) 中砂 M7.5\n3.浇筑侧(缘)石混凝土后座 \u007f合并制作子目 普通预拌混凝土 碎石粒径综合考虑 C20",null,"m",479.2,null,53.12,25455.1]
[8,"011406002001","混凝土路缘石喷刷白色漆","1.氟碳漆成活",null,"m",479.2,null,6.1,2923.12]
[null,null,"跑道合计",{"$nulls":6},176954.65]
[null,null,"分部分项合计",{"$nulls":6},176954.65]
[null,null,"措施项目"]
[null,null,"单价措施合计"]
[]
[]
[]
[]
[]
["本页小计",{"$nulls":8},176954.65]
["合   计",{"$nulls":8},176954.65]
[{"$nulls":7},"表—08"]

{"sheet":"1.1.1综合单价计算表","index":3,"n_rows":42,"n_cols":14,"rows_kept":42,"merged":[[0,0,0,13],[1,0,1,9],[1,10,1,13],[2,0,3,0],[2,1,3,1],[2,2,3,3],[2,4,3,4],[2,5,3,5],[2,6,2,12],[2,13,3,13],[3,9,3,10],[4,2,4,3],[4,9,4,10],[5,0,6,0],[5,2,5,3],[5,9,5,10],[5,13,5,13],[6,2,6,3],[6,9,6,10],[6,13,6,13],[7,0,8,0],[7,2,7,3],[7,9,7,10],[7,13,7,13],[8,2,8,3],[8,9,8,10],[8,13,8,13],[9,0,12,0],[9,2,9,3],[9,9,9,10],[9,13,9,13],[10,2,10,3],[10,9,10,10],[10,13,12,13],[11,2,11,3],[11,9,11,10],[12,2,12,3],[12,9,12,10],[13,0,14,0],[13,2,13,3],[13,9,13,10],[13,13,13,13],[14,2,14,3],[14,9,14,10],[14,13,14,13],[15,0,16,0],[15,2,15,3],[15,9,15,10],[15,13,15,13],[16,2,16,3],[16,9,16,10],[16,13,16,13],[17,0,19,0],[17,2,17,3],[17,9,17,10],[17,13,17,13],[18,2,18,3],[18,9,18,10],[18,13,19,13],[19,2,19,3],[19,9,19,10],[20,0,20,0],[20,2,20,3],[20,9,20,10],[20,13,20,13],[21,0,21,13],[22,0,22,9],[22,10,22,13],[23,0,24,0],[23,1,24,1],[23,2,24,3],[23,4,24,4],[23,5,24,5],[23,6,23,12],[23,13,24,13],[24,9,24,10],[25,0,25,0],[25,2,25,3],[25,9,25,10],[25,13,27,13],[26,0,26,0],[26,2,26,3],[26,9,26,10],[27,0,27,0],[27,2,27,3],[27,9,27,10],[28,0,29,0],[28,2,28,3],[28,9,28,10],[28,13,28,13],[29,2,29,3],[29,9,29,10],[29,13,29,13],[30,0,30,0],[30,2,30,3],[30,9,30,10],[30,13,30,13],[31,0,31,0],[31,2,31,3],[31,9,31,10],[31,13,31,13],[32,0,32,0],[32,2,32,3],[32,9,32,10],[32,13,32,13],[33,0,33,0],[33,2,33,3],[33,9,33,10],[33,13,33,13],[34,0,34,0],[34,2,34,3],[34,9,34,10],[34,13,34,13],[35,0,35,0],[35,2,35,3],[35,9,35,10],[35,13,35,13],[36,0,36,0],[36,2,36,3],[36,9,36,10],[36,13,36,13],[37,0,37,0],[37,2,37,3],[37,9,37,10],[37,13,37,13],[38,0,38,0],[38,2,38,3],[38,9,38,10],[38,13,38,13],[39,0,39,0],[39,2,39,3],[39,9,39,10],[39,13,39,13],[40,0,40,0],[40,2,40,3],[40,9,40,10],[40,13,40,13],[41,2,41,3],[41,9,41,10]]}
["综合单价计算表"]
["工程名称：汕头职业技术学院新津校区体育场跑道改造项目",{"$nulls":9},"第 1 页 共 2 页"]
["序号","编码","名称",null,"单位","工程量 ","其中：（元）",{"$nulls":6},"综合单价\n（元）"]
[{"$nulls":6},"人工费","材料费","机械费","管理费",null,"利润","小计"]
[null,null,"跑道"]
[1,"010101001001","清理原有灰渣跑道基层",null,"m2","1423.52",0.14,null,1.7,0.29,null,0.37,2.49]
[null,"A1-1-1","平整场地",null,"100m2",14.2352,0.14,null,1.7,0.28,null,0.37,2.49,2.49]
[2,"010507002001","50厚C25混凝土",null,"m2","1423.52",8.28,47.18,0.14,2.42,null,1.68,59.7]
[null,"A1-5-80 换","地坪 厚度8cm \u007f合并制作子目 普通预拌混凝土 碎石粒径综合考虑 C25 \u007f实际厚度(cm):5",null,"100m2",14.2352,8.28,47.18,0.14,2.42,null,1.68,59.7,59.7]
[3,"040203009001","2-3mm丙烯酸跑道面层",null,"m2","1423.52",25.69,6.94,null,3.72,null,5.14,41.49]
[null,"A1-11-93 *2","丙烯酸跑道底层漆 底漆二遍 \u007f单价*2",null,"100m2",14.2352,18.37,6.11,null,2.66,null,3.67,30.82,41.49]
[null,"A1-11-96","丙烯酸跑道面层 面漆一遍  \u007f",null,"100m2",14.2352,6.58,0.75,null,0.95,null,1.32,9.59]
[null,"A1-11-96 *2","画线丙烯酸画线漆 画线漆一遍 \u007f单价*2",null,"100m2",0.80544,0.74,0.08,null,0.11,null,0.15,1.08]
[4,"010101003001","挖沟槽土方",null,"m3","31.464",0.64,null,4.07,0.73,null,0.94,6.39]
[null,"A1-1-41","挖掘机挖沟槽、基坑土方 一、二类土",null,"1000m3",0.031464,0.64,null,4.07,0.73,null,0.94,6.39,6.39]
[5,"010103001001","回填方",null,"m3","20.52",12.32,null,1.83,2.19,null,2.83,19.17]
[null,"A1-1-129","回填土 夯实机夯实 槽、坑",null,"100m3",0.2052,12.32,null,1.83,2.19,null,2.83,19.17,19.17]
[6,"010103002001","余方弃置",null,"m3","10.944",0.39,null,26.01,4.09,null,5.28,35.77]
[null,"A1-1-51","挖掘机装土方",null,"1000m3",0.010944,0.39,null,2.01,0.37,null,0.48,3.25,35.77]
[null,"A1-1-53 换","自卸汽车运土方 运距1km内 \u007f实际运距(km):10",null,"1000m3",0.010944,null,null,24,3.72,null,4.8,32.52]
[7,"040204004001","130×80混凝土路缘石",null,"m","479.2",10.85,38.64,0.17,1.25,null,2.2,53.12]
["综合单价计算表"]
["工程名称：汕头职业技术学院新津校区体育场跑道改造项目",{"$nulls":9},"第 2 页 共 2 页"]
["序号","编码","名称",null,"单位","工程量 ","其中：（元）",{"$nulls":6},"综合单价\n（元）"]
[{"$nulls":6},"人工费","材料费","机械费","管理费",null,"利润","小计"]
[null,"借D2-4-17 换","人工铺设侧缘石垫层 混凝土垫层 \u007f合并制作子目 普通预拌混凝土 碎石粒径综合考虑 C15",null,"m3",13.4176,3.6,16.22,null,0.41,null,0.72,20.95,53.12]
[null,"借D2-4-19 换","缘石铺设 混凝土 长度 50cm \u007f合并制作子目 砌筑用水泥砂浆(配合比) 中砂 M7.5",null,"100m",4.792,6.84,18.51,null,0.78,null,1.37,27.49]
[null,"借D2-4-33 换","浇筑侧(缘)石混凝土后座 \u007f合并制作子目 普通预拌混凝土 碎石粒径综合考虑 C20",null,"10m3",0.32346,0.41,3.92,0.17,0.07,null,0.12,4.68]
[8,"011406002001","混凝土路缘石喷刷白色漆",null,"m","479.2",1.84,3.61,null,0.28,null,0.37,6.1]
[null,"A1-15-144","氟碳漆成活",null,"100m2",0.38336,1.84,3.61,null,0.28,null,0.37,6.1,6.1]
{"$rows_empty":11}
[null,null,"合计",{"$nulls":3},60.15,96.37,33.92,14.97,null,18.81,224.23,224.23]

{"sheet":"表-11 总价措施项目清单与计价表","index":4,"n_rows":18,"n_cols":11,"rows_kept":18,"merged":[[0,0,0,10],[1,0,1,5],[1,6,1,7],[1,8,1,10],[2,5,2,6],[2,7,2,8],[3,5,3,6],[3,7,3,8],[4,5,4,6],[4,7,4,8],[5,5,5,6],[5,7,5,8],[6,5,6,6],[6,7,6,8],[7,5,7,6],[7,7,7,8],[8,5,8,6],[8,7,8,8],[9,5,9,6],[9,7,9,8],[10,5,10,6],[10,7,10,8],[11,5,11,6],[11,7,11,8],[12,5,12,6],[12,7,12,8],[13,5,13,6],[13,7,13,8],[14,5,14,6],[14,7,14,8],[15,5,15,6],[15,7,15,8],[16,5,16,6],[16,7,16,8],[17,0,17,4],[17,5,17,6],[17,7,17,8],[18,0,18,5],[18,6,18,10]]}
["总价措施项目清单与计价表"]
["工程名称：汕头职业技术学院新津校区体育场跑道改造项目",{"$nulls":7},"第 1 页  共 1 页"]
["序号","项目编码","项目名称","计算基础","费率\n(%)","金额\n(元)",null,"调整\n费率(%)",null,"调整后\n金额(元)","备注"]
["1","LSSGCSF00001","绿色施工安全防护措施费","分部分项人工费+分部分项机具费","19",11031.99,{"$nulls":4},"以分部分项的人工费与施工机具费之和为计算基础，费率19%"]
["2","WMGDZJF00001","文明工地增加费","分部分项人工费+分部分项机具费","0",{"$nulls":5},"以分部分项的人工费与施工机具费之和为计算基础，市级文明工地为1.20%；省级文明工地为2.10%"]
["3","011707002001","夜间施工增加费",null,"20",{"$nulls":5},"以夜间施工项目人工费的20%计算"]
["4","GGCSF0000001","赶工措施费","分部分项人工费+分部分项机具费","0",{"$nulls":5},"赶工措施费=（1-δ）*分部分项的（人工费+施工机具费）*0.3 （0.8≤δ＜1   式中：δ=合同工期/定额工期）"]
["5","QTFY00000001","其他费用",{"$nulls":7},"按经批准的专项施工组织方案计算"]
{"$rows_empty":9}
["合    计",{"$nulls":4},11031.99]

{"sheet":"其它项目清单计价表","index":5,"n_rows":16,"n_cols":8,"rows_kept":16,"merged":[[0,0,0,5],[0,6,0,7],[1,0,1,7],[2,0,2,2],[2,3,2,5],[2,6,2,7],[3,2,3,3],[3,5,3,6],[4,2,4,3],[4,5,4,6],[5,2,5,3],[5,5,5,6],[6,2,6,3],[6,5,6,6],[7,2,7,3],[7,5,7,6],[8,2,8,3],[8,5,8,6],[9,2,9,3],[9,5,9,6],[10,2,10,3],[10,5,10,6],[11,2,11,3],[11,5,11,6],[12,2,12,3],[12,5,12,6],[13,2,13,3],[13,5,13,6],[14,2,14,3],[14,5,14,6],[15,2,15,3],[15,5,15,6],[16,2,16,3],[16,5,16,6],[17,2,17,3],[17,5,17,6],[18,2,18,3],[18,5,18,6],[19,2,19,3],[19,5,19,6],[20,2,20,3],[20,5,20,6],[21,2,21,3],[21,5,21,6],[22,2,22,3],[22,5,22,6],[23,2,23,3],[23,5,23,6],[24,2,24,3],[24,5,24,6],[25,2,25,3],[25,5,25,6],[26,2,26,3],[26,5,26,6]]}
[]
["其他项目清单与计价汇总表"]
["工程名称：汕头职业技术学院新津校区体育场跑道改造项目",{"$nulls":5},"第 1 页  共 1 页"]
["序号","项目名称","取费基数",null," 费率","金额（元）",null,"备注"]
["1","暂列金额","暂列金额"]
["2","暂估价","暂估价材料合计+专业工程暂估价"]
["2.1","材料暂估价","暂估价材料合计",null,null,"—"]
["2.2","专业工程暂估价","专业工程暂估价"]
["3","计日工","计日工"]
["4","总承包服务费","总承包服务费"]
["5","预算包干费","预算包干费",null,null,"4064.42",null,"按分部分项的人工费与施工机具费之和的 7.00%计算"]
["6","工程优质费","工程优质费",{"$nulls":4},"按分部分项的人工费与施工机具费之和为计算基础\n国家级质量奖：12.00%；省级质量奖：7.50%；市级质量奖：4.50%"]
["7","概算幅度差","概算幅度差",{"$nulls":4},"按分部分项工程费为计算基础\n建筑工程：3.00%；"]
["8","现场签证费用","现场签证"]
["9","索赔费用","索赔"]
["10","其他费用","其他费用",{"$nulls":4},"按实际发生或经批准的施工方案计算"]

{"sheet":"5.1-1单位工程人材机汇总表","index":6,"n_rows":36,"n_cols":9,"rows_kept":36,"merged":[[0,0,0,8],[1,0,1,5],[1,7,1,8],[2,5,2,7],[3,5,3,7],[4,5,4,7],[5,5,5,7],[6,5,6,7],[7,5,7,7],[8,5,8,7],[9,5,9,7],[10,5,10,7],[11,5,11,7],[12,5,12,7],[13,5,13,7],[14,5,14,7],[15,5,15,7],[16,5,16,7],[17,5,17,7],[18,5,18,7],[19,5,19,7],[20,5,20,7],[21,5,21,7],[22,5,22,7],[23,5,23,7],[24,5,24,7],[25,5,25,7],[26,5,26,7],[27,5,27,7],[28,5,28,7],[29,5,29,7],[30,5,30,7],[31,5,31,7],[32,5,32,7],[33,5,33,7],[34,5,34,7],[35,5,35,7]]}
["单位工程人材机汇总表"]
["工程名称：汕头职业技术学院新津校区体育场跑道改造项目",{"$nulls":6},"第 1 页  共 1 页"]
["序号","编码","名称及规格","单位","数量","单价\n（元）",null,null,"合价\n（元）"]
[1,"00010010","人工费","元",54918.381,1,null,null,54918.38]
[2,"03134011","水砂纸","张",431.6563,0.77,null,null,332.38]
[3,"04010015","复合普通硅酸盐水泥P.C 32.5","t",0.8242,463.12,null,null,381.7]
[4,"04030015","中砂","m3",3.6165,237.86,null,null,860.22]
[5,"13010035","丙烯酸聚氨酯漆","kg",9.1661,29.06,null,null,266.37]
[6,"13010290@1","彩色丙烯酸球场面层","kg",20.5999,35.43,null,null,729.85]
[7,"13010300@1","丙烯酸球场底层漆","kg",370.1152,20.43,null,null,7561.45]
[8,"13030505","腻子粉(氟碳漆用)","kg",108.7209,4.5,null,null,489.24]
[9,"13090015","氟碳清漆","kg",2.3193,86,null,null,199.46]
[10,"13090030","金属氟碳漆面漆","kg",6.7088,81.2,null,null,544.75]
[11,"14330180","甲苯","kg",168.4026,7.5,null,null,1263.02]
[12,"14350125","丙烯酸聚氨酯稀释剂","kg",5.4054,15,null,null,81.08]
[13,"14350273","氟碳漆固化剂","kg",0.6057,63,null,null,38.16]
[14,"14350275","丙烯酸固化剂","kg",1.6331,22,null,null,35.93]
[15,"14350687","氟碳漆面漆稀释剂","kg",1.8171,32,null,null,58.15]
[16,"34110010","水","m3",16.9699,4.5,null,null,76.36]
[17,"99450760","其他材料费","元",95.2144,1,null,null,95.21]
[18,"CLFTZ","材料费调整","元",-0.2847,1,null,null,-0.28]
[19,"8021902","普通预拌混凝土碎石粒径综合考虑 C15","m3",13.686,564.95,null,null,7731.91]
[20,"8021903","普通预拌混凝土碎石粒径综合考虑 C20","m3",3.2831,567.96,null,null,1864.67]
[21,"8021904","普通预拌混凝土碎石粒径综合考虑 C25","m3",116.1592,577.67,null,null,67101.69]
[22,"36070020@1","130×80混凝土路缘石130×80","m",486.388,15.58,null,null,7577.93]
[23,"00010003","机上人工","工日",5.1255,230,null,null,1178.87]
[24,"99450630","折旧费","元",407.6297,1,null,null,407.63]
[25,"99450640","检修费","元",113.0839,1,null,null,113.08]
[26,"99450650","维护费","元",317.0484,1,null,null,317.05]
[27,"99450660","安拆费","元",58.388,1,null,null,58.39]
[28,"99450680","柴油(机械用)0#","kg",139.0521,7.31,null,null,1016.47]
[29,"99450700","电(机械用)","kw·h",96.6292,0.55,null,null,53.15]
[30,"JXFTZ","机械费调整","元",-0.0002,1]
[]
[]
[null,null,"合计",{"$nulls":5},155352.27]